书目信息 |
| 题名: |
走进白马
|
|
| 作者: | 向远木 著 | |
| 分册: | ||
| 出版信息: | 成都 四川民族出版社 2017 |
|
| 页数: | 196页 | |
| 开本: | 24cm | |
| 丛书名: | ||
| 单 册: | ||
| 中图分类: | K287.1 , K287 | |
| 科图分类: | ||
| 主题词: | 藏族--民族文化--介绍--四川 | |
| 电子资源: | ||
| ISBN: | 978-7-5409-6658-4 | |
| 000 | 00841nam0 2200229 450 | |
| 001 | 2370421417 | |
| 005 | 20231209223809.16 | |
| 010 | @a978-7-5409-6658-4@dCNY56.00 | |
| 100 | @a20171222d2017 em y0chiy50 ea | |
| 101 | 0 | @achi |
| 102 | @aCN@b510000 | |
| 105 | @aa z 000cy | |
| 200 | 1 | @a走进白马@Azou jin bai ma@e探寻东亚的古老部族@f向远木著 |
| 210 | @a成都@c四川民族出版社@d2017 | |
| 215 | @a196页@c彩图,照片@d24cm | |
| 330 | @a本书分为概述、风俗习惯、宗教信仰、文学艺术、民族风物五部分,介绍了人口分布、生态环境、语言文字、族称演变、历史沿革、居住习俗、饮食习俗、婚姻习俗、民间文学、民间歌曲、民间工艺等内容。 | |
| 606 | 0 | @a藏族@x民族文化@x介绍@y四川 |
| 690 | @aK287.1@v5 | |
| 690 | @aK287@v4 | |
| 701 | 0 | @a向远木@Axiang yuan mu@f(1950-)@4著 |
| 801 | 0 | @aCN@b大连网信软件有限公司图书馆·11@c20231017 |
| 905 | @aZUCC@dK287@e2 | |
| 走进白马:探寻东亚的古老部族/向远木著.-成都:四川民族出版社,2017 |
| 196页:彩图,照片;24cm |
| ISBN 978-7-5409-6658-4:CNY56.00 |
| 本书分为概述、风俗习惯、宗教信仰、文学艺术、民族风物五部分,介绍了人口分布、生态环境、语言文字、族称演变、历史沿革、居住习俗、饮食习俗、婚姻习俗、民间文学、民间歌曲、民间工艺等内容。 |
| ● |
| 相关链接 |
|
|
|
正题名:走进白马
索取号:K287/2
 
预约/预借
| 序号 | 登录号 | 条形码 | 馆藏地/架位号 | 状态 | 备注 |
| 1 | 2001031293 | 2001031293 | 第四书库/四33架B面2层4列/ [索取号:K287/2] | 在馆 | |
| 2 | 2001031294 | 2001031294 | 第四书库/四33架B面2层4列/ [索取号:K287/2] | 在馆 | |
| 3 | 2001031295 | 2001031295 | 第四书库/四33架B面2层4列/ [索取号:K287/2] | 在馆 | |
| 4 | 2001031296 | 2001031296 | 第四书库/四33架B面2层4列/ [索取号:K287/2] | 在馆 | |
| 5 | 2001031297 | 2001031297 | 第四书库/四33架B面2层4列/ [索取号:K287/2] | 在馆 | |
| 6 | 2001031298 | 2001031298 | 第四书库/四33架B面2层4列/ [索取号:K287/2] | 在馆 |